Miasta Na Ukrainie A-Z - Statystyki

Ogólne statystyki
  • Ten quiz został rozwiązany 218 razy
    148 od ostatniego zresetowania
  • Średni wynik to 10 z 25
Statystyki odpowiedzi
Litera Populacja Miasto % Poprawnych
K 2 611 327 Kijów
95%
C 1 470 902 Charków
89%
L 732 818 Lwów
88%
O 1 029 049 Odessa
86%
Ł 463 097 Ługańsk
73%
D 1 065 008 Dniepr
71%
Z 815 256 Zaporoże
64%
M 514 136 Mikołajów
61%
Ż 284 236 Żytomierz
61%
W 356 665 Winnica
48%
P 317 998 Połtawa
46%
R 248 813 Równe
46%
T 227 755 Tarnopol
45%
I 218 359 Iwano-Frankiwsk
43%
S 343 644 Symferopol
28%
U 117 317 Użhorod
27%
G 292 250 Gorłówka
21%
B 200 131 Biała Cerkiew
14%
N 136 280 Nikopol
11%
A 119 193 Ałczewsk
9%
H 88 735 Humań
6%
E 56 242 Enerhodar
5%
F 51 976 Fastów
5%
J 103 997 Jenakijewe
5%
Ś 58 496 Śnieżne
3%
Nie znaleziono quizów pasujących do podanych kryteriów
Rozkład punktacji
Procent ludzi z każdym wynikiem
Percentyl według liczby udzielonych odpowiedzi
Twoja historia wyników
Nie rozwiązałeś tego quizu od ostatniego zresetowania